Countries Closest to Western Sahara by Continent - Statistics

General Stats
  • This quiz has been taken 84 times
  • The average score is 22 of 30
Answer Stats
Answer % Correct
Morocco
97%
Mauritania
92%
Spain
92%
Brazil
89%
Portugal
89%
Algeria
88%
Senegal
88%
Israel
87%
Mali
85%
Suriname
85%
Guyana
84%
Palestine
84%
France
83%
Italy
80%
Venezuela
80%
Cyprus
79%
Lebanon
79%
Colombia
77%
Turkey
76%
Andorra
72%
Australia
69%
St Lucia
65%
Barbados
59%
Papua New Guinea
59%
Antigua and Barbuda
57%
Dominica
57%
Canada
47%
Palau
36%
Fed St Micronesia
35%
Marshall Islands
32%
No matching quizzes found
Score Distribution
Percent of People with Each Score
Percentile by Number Answered
Your Score History
You have not taken this quiz